000 00353nam a2200157Ia 4500
003 Ost
005 20260225132541.0
008 260225s9999||||xx |||||||||||||| ||und||
040 _cfsic
041 _afre
082 _a330.9
100 _aDominique careau
_eAuteur
245 0 _aDroit international /
245 0 _cDominique careau
942 _cكتاب
999 _c33517
_d33517